Requerimientos de clima y suelo: frutales menores y de hoja persistente
Na minha lista:
| Autor Corporativo: | |
|---|---|
| Formato: | Livro |
| Idioma: | espanhol |
| Publicado em: |
Santiago
CIREN
1989
|
| coleção: | Publicación Ciren, 84
|
| Assuntos: | |
| Tags: |
Adicionar Tag
Sem tags, seja o primeiro a adicionar uma tag!
|
MARC
| LEADER | 00000nam a2200000 a 4500 | ||
|---|---|---|---|
| 001 | UCP4066 | ||
| 003 | CL-VaPUC | ||
| 008 | 990724e19890000CL |||||||||||||||||spa|d | ||
| 082 | 0 | 4 | |a 634.04 |b CEN |2 21 |
| 110 | 2 | |a Centro de Información de Recursos naturales |e author |9 431463 | |
| 245 | 1 | 0 | |a Requerimientos de clima y suelo: frutales menores y de hoja persistente |
| 300 | |a 65 p | ||
| 942 | |c BK | ||
| 945 | |d 19990724 00:00:00 |a rbrito | ||
| 260 | |a Santiago |b CIREN |c 1989 | ||
| 650 | 0 | |a Árboles frutales |9 264297 | |
| 650 | 0 | |a Cultivo |9 264268 | |
| 650 | 0 | |a Clima |9 265281 | |
| 650 | 7 | |a SUELO |2 CL-VaPUC |9 348469 | |
| 650 | 0 | |a Riego |9 259685 | |
| 650 | 7 | |a SALINIDAD |2 CL-VaPUC |9 263023 | |
| 583 | |a last modification |c 19990724 00:00:00 |k Rodrigo Vera | ||
| 490 | 0 | |a Publicación Ciren, 84 | |
| 999 | |c 282145 |d 282143 | ||
| 952 | |0 0 |1 0 |4 0 |6 634_040000000000000_CEN_1989 |7 0 |8 A |9 323607 |a BIBAGR |b BIBAGR |d 2019-11-20 |i 3539636 |l 1 |o 634.04 CEN 1989 |p 3539636 |r 2025-01-20 |s 2022-04-20 |w 2019-11-20 |y BK |k AGR | ||
| 952 | |0 0 |1 0 |4 0 |6 634_040000000000000_CEN_1989 |7 0 |8 A |9 323608 |a BIBAGR |b BIBAGR |d 2019-11-20 |i 3539644 |l 2 |o 634.04 CEN 1989 |p 3539644 |r 2025-01-20 |s 2022-04-26 |w 2019-11-20 |y BK |k AGR | ||
| 952 | |0 0 |1 0 |4 0 |6 634_040000000000000_CEN_1989 |7 0 |8 A |9 323609 |a BIBAGR |b BIBAGR |d 2019-11-20 |i 3539652 |o 634.04 CEN 1989 |p 3539652 |r 2025-01-20 |w 2019-11-20 |y BK |k AGR | ||
| 952 | |0 0 |1 0 |4 0 |6 634_040000000000000_CEN_1989 |7 0 |8 A |9 323610 |a BIBAGR |b BIBAGR |d 2019-11-20 |i 3539660 |o 634.04 CEN 1989 |p 3539660 |r 2025-01-20 |w 2019-11-20 |y BK |k AGR | ||